| 000 | 01472nam a22004097a 4500 | ||
|---|---|---|---|
| 003 | CHAP | ||
| 005 | 20220329140320.0 | ||
| 008 | 971013s1977 r 00010 d | ||
| 010 | _a50271 | ||
| 011 | _a51243 | ||
| 035 | _a55393 | ||
| 040 | _cCHAP | ||
| 082 |
_a631.0915 _bP5 |
||
| 100 | 0 | 0 |
_aPinto, Aloizio de Arruda. _988299 |
| 245 |
_aTropico semi-árido _b: resumos informativos |
||
| 260 |
_aBrasilia : _bEmpresa Brasileira Agropecuaria, _c1977- |
||
| 300 | _av. | ||
| 490 |
_aResumos informativos _v; 3 |
||
| 500 | _aLa biblioteca tiene: v.1, 1977 ; v.2, 1978. | ||
| 590 |
_aBATCH-UPD _b10 _c20130110 _lUCH01 _h0057 |
||
| 590 |
_aBATCH-UPD _b10 _c20130110 _lUCH01 _h0552 |
||
| 590 |
_aBATCH-UPD _b10 _c20130110 _lUCH01 _h2247 |
||
| 590 |
_aBATCH-UPD _b10 _c20130410 _lUCH01 _h1040 |
||
| 590 |
_aBATCH-UPD _b10 _c20130914 _lUCH01 _h0322 |
||
| 590 |
_aCONVERSION _b10 _c20130109 _lUCH01 _h1327 |
||
| 650 | 1 | 4 |
_aAgricultura _xRegiones áridas. _91781 |
| 650 | 1 | 4 |
_aRegiones áridas _xAgricultura. _995670 |
| 650 | 1 | 4 |
_aRegiones áridas _xBibliografía. _995674 |
| 650 | 1 | 4 |
_aTrópicos _xAgricultura. _9115279 |
| 710 | 0 |
_aEmpresa Brasileira Agropecuaria. _936592 |
|
| 830 | 0 |
_aResumos informativos _v; 3 _996182 |
|
| 901 | _aBK | ||
| 942 | _cLIBRO | ||
| 949 |
_a631.0915 P5 _bBC _cC _d33724000568333 _eC _fv.2 _h52757 _i55393 _mD _si |
||
| 949 |
_a631.0915 P5 _bBC _cC _d33724000568341 _eC _fv.1 _h52756 _i55393 _si |
||
| 949 |
_a631.0915 P5 _bBC _cC _d33724000765210 _eC _fv.1 c.2 _i55393 _sb |
||
| 999 |
_c50271 _d50271 |
||